[Event "2016 Redpath Mining Millionaire Chess Open"]
[Site "Venue: Old Ed’s Sports Complex, Houghton, Johannesburg"]
[Date "2016.07.14"]
[Round "2"]
[Board "25"]
[White "Oberholzer, Imarie"]
[Black "Odendaal, Mikhal Marcus"]
[Result "1-0"]
[WhiteElo "1504"]
[BlackElo "932"]
[PlyCount "0"]
[EventDate "2016.07.13"]
[EventRounds "9"]
[EventCountry "RSA"]

1. e4 {[%clk 1:30:56]} e5 {[%clk 1:31:18]} 2. Nc3 {[%clk 1:30:56]} Nf6
{[%clk 1:31:23]} 3. f4 {[%clk 1:30:29]} d6 {[%clk 1:30:46]} 4. Nf3
{[%clk 1:29:42]} Nc6 {[%clk 1:30:34]} 5. Bc4 {[%clk 1:26:40]} Be7
{[%clk 1:27:56]} 6. O-O {[%clk 1:24:41]} O-O {[%clk 1:27:18]} 7. d3
{[%clk 1:21:36]} Bd7 {[%clk 1:23:03]} 8. f5 {[%clk 1:20:46]} Na5 {[%clk 1:21:42]}
9. Bb3 {[%clk 1:14:52]} Nxb3 {[%clk 1:20:01]} 10. axb3 {[%clk 1:15:08]} c6
{[%clk 1:18:31]} 11. Qe1 {[%clk 1:13:26]} Re8 {[%clk 1:11:31]} 12. Qg3
{[%clk 1:10:38]} Kh8 {[%clk 1:11:02]} 13. Ng5 {[%clk 1:07:58]} Kg8
{[%clk 1:09:44]} 14. Rf3 {[%clk 1:01:21]} Nh5 {[%clk 1:07:54]} 15. Qh4
{[%clk 0:59:04]} Nf6 {[%clk 1:06:57]} 16. Rh3 {[%clk 0:57:36]} h6
{[%clk 1:06:18]} 17. Nf3 {[%clk 0:45:02]} Nd5 {[%clk 1:03:37]} 18. Qg3
{[%clk 0:42:34]} Nxc3 {[%clk 1:02:20]} 19. bxc3 {[%clk 0:42:30]} Bf6
{[%clk 1:01:14]} 20. Bxh6 {[%clk 0:41:05]} Kf8 {[%clk 0:59:49]} 21. Bg5
{[%clk 0:39:49]} Bxg5 {[%clk 0:59:42]} 22. Rh8+ {[%clk 0:39:53]} Ke7
{[%clk 0:59:38]} 23. Qxg5+ {[%clk 0:40:13]} f6 {[%clk 0:59:34]} 24. Qxg7#
{[%clk 0:40:28]} 1-0

[Event "2016 Redpath Mining Millionaire Chess Open"]
[Site "Venue: Old Ed’s Sports Complex, Houghton, Johannesburg"]
[Date "2016.07.14"]
[Round "2"]
[Board "26"]
[White "Vedant, Kumar Saravana"]
[Black "Beukman, Eduan"]
[Result "1/2-1/2"]
[WhiteElo "1074"]
[BlackElo "1485"]
[PlyCount "0"]
[EventDate "2016.07.13"]
[EventRounds "9"]
[EventCountry "RSA"]

1. e4 d6 2. d4 Nf6 3. Nc3 e5 4. dxe5 {[%clk 1:30:05]} dxe5 {[%clk 1:31:41]} 5.
Qxd8+ {[%clk 1:30:27]} Kxd8 {[%clk 1:32:03]} 6. Bg5 {[%clk 1:30:20]} Be6
{[%clk 1:32:17]} 7. O-O-O+ {[%clk 1:27:28]} Bd6 {[%clk 1:31:45]} 8. Nf3
{[%clk 1:25:14]} Ke7 {[%clk 1:27:30]} 9. Bxf6+ {[%clk 1:16:54]} gxf6
{[%clk 1:27:51]} 10. Nd5+ {[%clk 1:17:09]} Bxd5 {[%clk 1:27:41]} 11. Rxd5
{[%clk 1:17:32]} c6 {[%clk 1:26:29]} 12. Rd1 {[%clk 1:17:14]} Nd7
{[%clk 1:25:49]} 13. Nh4 {[%clk 1:17:21]} Bc5 {[%clk 1:16:08]} 14. Nf5+
{[%clk 1:16:48]} Kd8 {[%clk 1:10:18]} 15. Nh6 {[%clk 1:15:33]} Rf8
{[%clk 0:47:31]} 16. Ng4 {[%clk 1:15:23]} Kc7 {[%clk 0:45:53]} 17. Ne3
{[%clk 1:08:37]} b5 {[%clk 0:44:25]} 18. g3 {[%clk 1:08:05]} Rad8
{[%clk 0:40:34]} 19. Bh3 {[%clk 1:07:40]} Bxe3+ {[%clk 0:37:45]} 20. fxe3
{[%clk 1:07:41]} Rg8 {[%clk 0:34:19]} 21. Rhf1 {[%clk 1:07:00]} Rg6
{[%clk 0:34:03]} 22. Bf5 {[%clk 1:06:40]} Rh6 {[%clk 0:33:37]} 23. h4
{[%clk 1:06:30]} Nb6 {[%clk 0:31:48]} 24. b3 {[%clk 1:06:22]} Nc8
{[%clk 0:30:01]} 25. Rxd8 {[%clk 1:06:27]} Kxd8 {[%clk 0:30:16]} 26. Rd1+
{[%clk 1:06:50]} Kc7 {[%clk 0:30:05]} 27. Rd7+ {[%clk 1:07:01]} Kb6
{[%clk 0:27:21]} 28. Rxf7 {[%clk 1:06:36]} Nd6 {[%clk 0:27:50]} 29. Rd7
{[%clk 1:05:13]} Nxf5 {[%clk 0:27:10]} 30. exf5 {[%clk 1:04:55]} e4
{[%clk 0:27:28]} 31. Re7 {[%clk 1:04:08]} Rh5 {[%clk 0:27:40]} 32. Rxe4
{[%clk 1:04:11]} Rxf5 {[%clk 0:28:02]} 33. Re7 {[%clk 0:59:05]} h5
{[%clk 0:28:02]} 34. Re4 {[%clk 0:58:12]} Rf3 {[%clk 0:26:52]} 35. Rf4
{[%clk 0:58:06]} Rxe3 {[%clk 0:23:45]} 36. Rxf6 {[%clk 0:58:22]} Re5
{[%clk 0:22:38]} 37. Rg6 {[%clk 0:58:18]} Kc5 {[%clk 0:18:21]} 38. Rg7
{[%clk 0:54:59]} a5 {[%clk 0:17:25]} 39. g4 {[%clk 0:52:33]} Re1+
{[%clk 0:11:15]} 40. Kb2 {[%clk 0:52:11]} Rg1 {[%clk 0:07:22]} 41. Rg5+
{[%clk 0:51:41]} Kd6 {[%clk 0:06:53]} 42. Rxh5 {[%clk 0:51:48]} Rxg4
{[%clk 0:06:58]} 43. Rh7 {[%clk 0:52:04]} Rf4 {[%clk 0:06:52]} 44. h5
{[%clk 0:51:41]} Kc5 {[%clk 0:06:00]} 45. h6 {[%clk 0:51:19]} Rh4
{[%clk 0:05:45]} 1/2-1/2

[Event "2016 Redpath Mining Millionaire Chess Open"]
[Site "Venue: Old Ed’s Sports Complex, Houghton, Johannesburg"]
[Date "2016.07.14"]
[Round "3"]
[Board "1"]
[White "Makoto, Rodwell"]
[Black "De Abreu, Roberto N"]
[Result "1-0"]
[WhiteElo "2406"]
[BlackElo "2057"]
[PlyCount "0"]
[EventDate "2016.07.13"]
[EventRounds "9"]
[EventCountry "RSA"]

1. d4 {[%clk 1:30:53]} Nf6 {[%clk 1:29:31]} 2. Nf3 {[%clk 1:27:26]} c5
{[%clk 1:30:00]} 3. d5 {[%clk 1:27:48]} b5 {[%clk 1:30:28]} 4. Bg5
{[%clk 1:28:08]} Ne4 {[%clk 1:30:52]} 5. Bf4 {[%clk 1:28:17]} Bb7
{[%clk 1:31:16]} 6. a4 {[%clk 1:27:32]} Nf6 {[%clk 1:31:27]} 7. e4
{[%clk 1:22:54]} Nxe4 {[%clk 1:31:49]} 8. axb5 {[%clk 1:23:21]} e6
{[%clk 1:32:11]} 9. dxe6 {[%clk 1:17:42]} fxe6 {[%clk 1:31:15]} 10. Nbd2
{[%clk 1:15:35]} Nxd2 {[%clk 1:26:22]} 11. Nxd2 {[%clk 1:15:30]} Qf6
{[%clk 0:28:09]} 12. Qh5+ {[%clk 1:15:06]} g6 {[%clk 0:28:13]} 13. Qe5
{[%clk 1:06:13]} Bg7 {[%clk 0:27:24]} 14. Qxf6 {[%clk 1:03:27]} Bxf6
{[%clk 0:27:52]} 15. c3 {[%clk 1:03:20]} d5 {[%clk 0:26:00]} 16. Nb3
{[%clk 0:55:26]} Nd7 {[%clk 0:24:08]} 17. Na5 {[%clk 0:55:31]} e5
{[%clk 0:20:11]} 18. Bh6 {[%clk 0:47:19]} Bc8 {[%clk 0:17:16]} 19. Nc6
{[%clk 0:45:02]} Bb7 {[%clk 0:17:44]} 20. Na5 {[%clk 0:38:54]} Bc8
{[%clk 0:18:12]} 21. Be2 {[%clk 0:39:17]} Bd8 {[%clk 0:17:18]} 22. Nc6
{[%clk 0:38:18]} Bb6 {[%clk 0:16:03]} 23. c4 {[%clk 0:37:28]} d4 {[%clk 0:12:21]}
24. Bf3 {[%clk 0:36:57]} Bb7 {[%clk 0:12:50]} 25. O-O {[%clk 0:36:48]} Bxc6
{[%clk 0:09:48]} 26. bxc6 {[%clk 0:36:29]} Nf6 {[%clk 0:10:16]} 27. Bg7
{[%clk 0:36:05]} Kf7 {[%clk 0:10:45]} 28. Bxh8 {[%clk 0:35:50]} Rxh8
{[%clk 0:11:14]} 29. Rfe1 {[%clk 0:35:39]} Re8 {[%clk 0:10:31]} 30. Bd5+
{[%clk 0:33:37]} Nxd5 {[%clk 0:10:27]} 31. cxd5 {[%clk 0:34:05]} Kf6
{[%clk 0:09:52]} 32. d6 {[%clk 0:33:53]} Rc8 {[%clk 0:08:18]} 33. d7
{[%clk 0:32:36]} Rxc6 {[%clk 0:08:46]} 34. Rxa7 {[%clk 0:32:42]} Rd6
{[%clk 0:08:43]} 35. Ra6 {[%clk 0:29:11]} Ke7 {[%clk 0:08:28]} 36. Rxe5+
{[%clk 0:29:13]} Kxd7 {[%clk 0:08:56]} 37. Kf1 {[%clk 0:25:25]} Kc6
{[%clk 0:09:08]} 38. Ke2 {[%clk 0:24:29]} Kb5 {[%clk 0:09:27]} 39. Ra3
{[%clk 0:23:50]} Kc4 {[%clk 0:08:20]} 40. Kd2 {[%clk 0:23:06]} Rf6
{[%clk 0:08:39]} 41. Re2 {[%clk 0:22:19]} h5 {[%clk 0:07:33]} 42. Kc2
{[%clk 0:20:11]} Rd6 {[%clk 0:06:17]} 43. b3+ {[%clk 0:19:56]} Kb5
{[%clk 0:06:03]} 44. Kd3 {[%clk 0:19:50]} Kb4 {[%clk 0:06:25]} 45. Rea2
{[%clk 0:18:24]} Re6 {[%clk 0:06:53]} 46. Ra4+ {[%clk 0:16:11]} Kxb3
{[%clk 0:06:16]} 47. R2a3+ {[%clk 0:16:25]} Kb2 {[%clk 0:06:44]} 48. Kc4
{[%clk 0:16:46]} d3 {[%clk 0:02:08]} 49. Ra2+ {[%clk 0:16:49]} Kb1
{[%clk 0:01:34]} 50. Ra1+ {[%clk 0:17:15]} 1-0

[Event "2016 Redpath Mining Millionaire Chess Open"]
[Site "Venue: Old Ed’s Sports Complex, Houghton, Johannesburg"]
[Date "2016.07.14"]
[Round "3"]
[Board "2"]
[White "Avelino, Fernandes"]
[Black "Jere, Daniel"]
[Result "0-1"]
[WhiteElo "2013"]
[BlackElo "2368"]
[PlyCount "0"]
[EventDate "2016.07.13"]
[EventRounds "9"]
[EventCountry "RSA"]

1. c4 {[%clk 1:27:33]} c5 {[%clk 1:29:40]} 2. Nf3 {[%clk 1:27:12]} Nf6
{[%clk 1:29:32]} 3. g3 {[%clk 1:27:10]} g6 {[%clk 1:29:07]} 4. Bg2
{[%clk 1:27:24]} Bg7 {[%clk 1:29:31]} 5. O-O {[%clk 1:27:41]} O-O
{[%clk 1:29:58]} 6. Nc3 {[%clk 1:27:51]} Nc6 {[%clk 1:29:40]} 7. d3
{[%clk 1:27:57]} a6 {[%clk 1:29:14]} 8. Bd2 {[%clk 1:27:27]} Rb8 {[%clk 1:29:16]}
9. Rc1 {[%clk 1:26:31]} b5 {[%clk 1:29:22]} 10. b3 {[%clk 1:25:46]} d6
{[%clk 1:29:10]} 11. h3 {[%clk 1:24:49]} b4 {[%clk 1:29:15]} 12. Nd5
{[%clk 1:22:52]} Nxd5 {[%clk 1:26:49]} 13. cxd5 {[%clk 1:23:09]} Na7
{[%clk 1:27:14]} 14. e4 {[%clk 1:20:41]} Nb5 {[%clk 1:24:31]} 15. Re1
{[%clk 1:18:45]} a5 {[%clk 1:22:59]} 16. e5 {[%clk 1:18:49]} Bb7 {[%clk 1:22:12]}
17. exd6 {[%clk 1:18:41]} exd6 {[%clk 1:21:56]} 18. Nh2 {[%clk 1:18:16]} Nc7
{[%clk 1:20:08]} 19. Rc4 {[%clk 1:17:49]} Nxd5 {[%clk 1:19:56]} 20. Rh4
{[%clk 1:17:45]} Ne7 {[%clk 1:16:12]} 21. Bg5 {[%clk 1:13:19]} f6
{[%clk 1:16:11]} 22. Bc1 {[%clk 1:13:08]} Nf5 {[%clk 1:15:45]} 23. Rc4
{[%clk 1:13:10]} Bxg2 {[%clk 1:15:58]} 24. Kxg2 {[%clk 1:13:34]} Rc8
{[%clk 1:14:22]} 25. Rce4 {[%clk 1:13:16]} d5 {[%clk 1:10:11]} 26. Re6
{[%clk 1:13:26]} Nd4 {[%clk 1:10:18]} 27. Re7 {[%clk 1:13:26]} Rc7
{[%clk 1:10:19]} 28. R7e3 {[%clk 1:13:27]} f5 {[%clk 1:10:03]} 29. f4
{[%clk 1:13:45]} c4 {[%clk 1:07:37]} 30. Nf3 {[%clk 1:09:23]} cxb3
{[%clk 1:07:23]} 31. axb3 {[%clk 1:08:02]} Nc2 {[%clk 1:07:31]} 32. Ng5
{[%clk 1:07:44]} Nxe3+ {[%clk 1:07:23]} 33. Bxe3 {[%clk 1:05:19]} d4
{[%clk 1:07:33]} 34. Bf2 {[%clk 1:05:23]} Re8 {[%clk 1:06:52]} 35. Rxe8+
{[%clk 1:04:15]} Qxe8 {[%clk 1:07:00]} 36. Qf3 {[%clk 1:04:33]} Qc6
{[%clk 1:07:21]} 37. Kf1 {[%clk 1:03:39]} Qxf3 {[%clk 1:07:06]} 38. Nxf3
{[%clk 1:03:43]} a4 {[%clk 1:07:20]} 39. Be1 {[%clk 0:56:21]} a3 {[%clk 1:07:23]}
 0-1

[Event "2016 Redpath Mining Millionaire Chess Open"]
[Site "Venue: Old Ed’s Sports Complex, Houghton, Johannesburg"]
[Date "2016.07.14"]
[Round "3"]
[Board "3"]
[White "Oatlhotse, Providence"]
[Black "Salimu, Reuben"]
[Result "1-0"]
[WhiteElo "2250"]
[BlackElo "1949"]
[PlyCount "0"]
[EventDate "2016.07.13"]
[EventRounds "9"]
[EventCountry "RSA"]

1. d4 {[%clk 1:30:56]} Nf6 {[%clk 1:30:51]} 2. c4 {[%clk 1:31:24]} c5
{[%clk 1:31:13]} 3. d5 {[%clk 1:31:50]} b5 {[%clk 1:31:38]} 4. Nf3
{[%clk 1:31:51]} g6 {[%clk 1:32:00]} 5. cxb5 {[%clk 1:32:06]} a6 {[%clk 1:32:19]}
6. b6 {[%clk 1:32:33]} d6 {[%clk 1:32:29]} 7. Nc3 {[%clk 1:32:28]} Nbd7
{[%clk 1:32:50]} 8. e4 {[%clk 1:32:30]} Bg7 {[%clk 1:33:10]} 9. a4
{[%clk 1:31:35]} a5 {[%clk 1:33:14]} 10. Bb5 {[%clk 1:31:33]} O-O
{[%clk 1:32:47]} 11. O-O {[%clk 1:30:44]} Nxb6 {[%clk 1:32:40]} 12. Qe2
{[%clk 1:29:28]} Bb7 {[%clk 1:28:42]} 13. h3 {[%clk 1:27:20]} Ne8
{[%clk 1:26:26]} 14. Bg5 {[%clk 1:21:14]} Nc7 {[%clk 1:21:04]} 15. Rfd1
{[%clk 1:19:34]} Nxb5 {[%clk 1:17:42]} 16. axb5 {[%clk 1:19:49]} Qc7
{[%clk 1:16:28]} 17. Ra3 {[%clk 1:17:51]} Ra7 {[%clk 1:09:25]} 18. Rda1
{[%clk 1:15:42]} Rfa8 {[%clk 1:06:00]} 19. Nd2 {[%clk 1:15:22]} e6
{[%clk 0:57:21]} 20. dxe6 {[%clk 1:13:45]} fxe6 {[%clk 0:57:48]} 21. Bf4
{[%clk 1:13:27]} Qd7 {[%clk 0:52:19]} 22. Be3 {[%clk 0:58:33]} Bf8
{[%clk 0:45:53]} 23. Nc4 {[%clk 0:39:39]} Nxc4 {[%clk 0:43:56]} 24. Qxc4
{[%clk 0:40:07]} d5 {[%clk 0:43:22]} 25. exd5 {[%clk 0:40:34]} exd5
{[%clk 0:43:37]} 26. Rd1 {[%clk 0:40:29]} Rd8 {[%clk 0:43:40]} 27. Qa2
{[%clk 0:38:35]} Qf7 {[%clk 0:41:40]} 28. Ne4 {[%clk 0:27:57]} d4
{[%clk 0:33:54]} 29. Nf6+ {[%clk 0:26:25]} Kg7 {[%clk 0:33:48]} 30. Bh6+
{[%clk 0:26:52]} Kxf6 {[%clk 0:34:05]} 31. Bg5+ {[%clk 0:27:20]} Kg7
{[%clk 0:34:09]} 32. Qxf7+ {[%clk 0:26:34]} Kxf7 {[%clk 0:34:29]} 33. Bxd8
{[%clk 0:27:02]} a4 {[%clk 0:33:11]} 34. Rda1 {[%clk 0:26:19]} Bg7
{[%clk 0:29:00]} 35. Bb6 {[%clk 0:26:02]} Ra8 {[%clk 0:29:06]} 36. Bxc5
{[%clk 0:24:45]} Rd8 {[%clk 0:28:14]} 37. Rxa4 {[%clk 0:24:42]} Be4
{[%clk 0:28:15]} 38. Re1 {[%clk 0:23:50]} Bc2 {[%clk 0:28:21]} 39. Re7+
{[%clk 0:23:26]} Kg8 {[%clk 0:28:47]} 40. Rxg7+ {[%clk 0:21:55]} Kxg7
{[%clk 0:29:03]} 41. Bxd4+ {[%clk 0:22:03]} Kf7 {[%clk 0:29:00]} 42. Ra7+
{[%clk 0:22:11]} Ke6 {[%clk 0:29:16]} 43. Be3 {[%clk 0:22:19]} h5
{[%clk 0:29:32]} 44. b6 {[%clk 0:22:07]} Rb8 {[%clk 0:29:25]} 45. f3
{[%clk 0:21:56]} Bf5 {[%clk 0:28:13]} 46. g4 1-0

[Event "2016 Redpath Mining Millionaire Chess Open"]
[Site "Venue: Old Ed’s Sports Complex, Houghton, Johannesburg"]
[Date "2016.07.14"]
[Round "3"]
[Board "4"]
[White "Simutowe, Musatwe"]
[Black "Marais, Daniel"]
[Result "1-0"]
[WhiteElo "2163"]
[BlackElo "1771"]
[PlyCount "0"]
[EventDate "2016.07.13"]
[EventRounds "9"]
[EventCountry "RSA"]

1. e4 {[%clk 1:30:54]} e5 {[%clk 1:30:32]} 2. Nf3 {[%clk 1:31:15]} Nc6
{[%clk 1:30:54]} 3. Bb5 {[%clk 1:31:38]} a6 {[%clk 1:27:18]} 4. Ba4
{[%clk 1:32:00]} d6 {[%clk 1:21:44]} 5. O-O {[%clk 1:31:32]} f5 {[%clk 1:21:40]}
6. exf5 {[%clk 1:12:17]} Bxf5 {[%clk 1:21:49]} 7. Re1 {[%clk 1:12:15]} Be7
{[%clk 1:21:00]} 8. Nc3 {[%clk 1:00:30]} Nf6 {[%clk 1:18:21]} 9. d3
{[%clk 0:49:36]} O-O {[%clk 1:13:53]} 10. h3 {[%clk 0:50:01]} Kh8
{[%clk 1:10:16]} 11. Ne2 {[%clk 0:47:00]} Nh5 {[%clk 0:36:28]} 12. Ng3
{[%clk 0:42:49]} Bg6 {[%clk 0:32:37]} 13. Bxc6 {[%clk 0:38:42]} Nxg3
{[%clk 0:30:26]} 14. Bxb7 {[%clk 0:37:11]} Nf5 {[%clk 0:26:13]} 15. Bxa8
{[%clk 0:34:24]} Qxa8 {[%clk 0:26:37]} 16. Nh2 {[%clk 0:32:09]} Nh4
{[%clk 0:21:35]} 17. f3 {[%clk 0:30:48]} Nf5 {[%clk 0:21:03]} 18. Nf1
{[%clk 0:29:08]} Nh4 {[%clk 0:16:38]} 19. Nh2 {[%clk 0:28:51]} Nf5
{[%clk 0:17:01]} 20. Be3 {[%clk 0:23:28]} Bh4 {[%clk 0:11:54]} 21. Re2
{[%clk 0:23:20]} Bh5 {[%clk 0:08:35]} 22. Qd2 {[%clk 0:21:12]} Rf6
{[%clk 0:04:34]} 23. Bf2 {[%clk 0:18:00]} Rg6 {[%clk 0:03:29]} 24. Bxh4
{[%clk 0:16:27]} Nxh4 {[%clk 0:03:52]} 25. Rf1 {[%clk 0:05:26]} Bxf3
{[%clk 0:02:50]} 26. Nxf3 {[%clk 0:05:29]} Nxf3+ {[%clk 0:02:45]} 27. Rxf3
{[%clk 0:05:56]} Qxf3 {[%clk 0:03:05]} 28. Rf2 {[%clk 0:06:25]} Qa8
{[%clk 0:03:26]} 29. Qa5 {[%clk 0:06:51]} h6 {[%clk 0:02:34]} 30. Qxc7
{[%clk 0:07:17]} Qd5 {[%clk 0:02:51]} 31. Qc8+ {[%clk 0:05:22]} Kh7
{[%clk 0:03:10]} 32. Qxa6 {[%clk 0:05:49]} Qd4 {[%clk 0:03:20]} 33. Qc4
{[%clk 0:02:37]} Qxb2 {[%clk 0:03:10]} 34. Rf8 {[%clk 0:02:47]} Qc1+
{[%clk 0:01:44]} 35. Kh2 {[%clk 0:03:12]} Rg5 {[%clk 0:01:25]} 36. Qg8+
{[%clk 0:02:07]} Kg6 {[%clk 0:01:48]} 37. Qf7+ {[%clk 0:02:12]} Kh7
{[%clk 0:02:09]} 38. Qe8 {[%clk 0:02:13]} Rxg2+ {[%clk 0:01:09]} 39. Kxg2
{[%clk 0:02:41]} Qd2+ {[%clk 0:01:17]} 40. Rf2 {[%clk 0:01:40]} Qg5+
{[%clk 0:01:30]} 41. Kh2 {[%clk 0:02:03]} 1-0

[Event "2016 Redpath Mining Millionaire Chess Open"]
[Site "Venue: Old Ed’s Sports Complex, Houghton, Johannesburg"]
[Date "2016.07.14"]
[Round "3"]
[Board "5"]
[White "Mbedza, Richard"]
[Black "Hercules, Benjamin Vincent"]
[Result "0-1"]
[WhiteElo "1947"]
[BlackElo "2127"]
[PlyCount "0"]
[EventDate "2016.07.13"]
[EventRounds "9"]
[EventCountry "RSA"]

1. d4 {[%clk 1:30:49]} d5 {[%clk 1:30:32]} 2. c4 {[%clk 1:29:56]} e6
{[%clk 1:24:52]} 3. Nc3 {[%clk 1:25:52]} Nf6 {[%clk 1:24:45]} 4. Nf3
{[%clk 1:25:17]} c6 {[%clk 1:24:47]} 5. e3 {[%clk 1:24:30]} Nbd7 {[%clk 1:25:12]}
6. Bd2 {[%clk 1:18:51]} Bd6 {[%clk 1:24:56]} 7. cxd5 {[%clk 1:16:04]} exd5
{[%clk 1:25:16]} 8. Bd3 {[%clk 1:12:58]} O-O {[%clk 1:25:29]} 9. Qc2
{[%clk 1:13:12]} Re8 {[%clk 1:23:17]} 10. g4 {[%clk 1:11:12]} Qe7
{[%clk 1:21:38]} 11. h4 {[%clk 1:07:53]} Ne4 {[%clk 1:18:50]} 12. Ng5
{[%clk 1:03:31]} Ndf6 {[%clk 1:07:14]} 13. Ngxe4 {[%clk 1:02:00]} dxe4
{[%clk 1:06:34]} 14. Be2 {[%clk 1:01:26]} Nxg4 {[%clk 1:01:56]} 15. h5
{[%clk 0:59:22]} Bf5 {[%clk 0:55:01]} 16. Qd1 {[%clk 0:59:18]} Nf6
{[%clk 0:53:49]} 17. Qc2 {[%clk 0:59:33]} Nd5 {[%clk 0:52:09]} 18. a3
{[%clk 0:59:52]} a5 {[%clk 0:45:30]} 19. Na4 {[%clk 1:00:00]} Nf4
{[%clk 0:34:57]} 20. Bf1 {[%clk 0:50:30]} Nd5 {[%clk 0:26:21]} 21. O-O-O
{[%clk 0:45:42]} Bg4 {[%clk 0:25:53]} 22. Re1 {[%clk 0:42:56]} Bf3
{[%clk 0:26:20]} 23. Rh3 {[%clk 0:41:22]} Bg4 {[%clk 0:26:47]} 24. Rh1
{[%clk 0:35:54]} Bf3 {[%clk 0:27:16]} 25. Rh3 h6 {[%clk 0:27:27]} 26. Kb1
{[%clk 0:32:37]} Qg5 {[%clk 0:26:51]} 27. Qc1 {[%clk 0:31:30]} Qe7
{[%clk 0:24:21]} 28. Qc2 {[%clk 0:26:30]} Rec8 {[%clk 0:23:18]} 29. Rc1
{[%clk 0:26:53]} Rc7 {[%clk 0:22:59]} 30. Qb3 {[%clk 0:27:14]} Bg4
{[%clk 0:22:25]} 31. Rh1 {[%clk 0:24:50]} Bf3 {[%clk 0:22:53]} 32. Rh3
{[%clk 0:24:21]} b5 {[%clk 0:22:00]} 33. Nc5 {[%clk 0:24:37]} Nf6
{[%clk 0:21:32]} 34. Rxf3 {[%clk 0:20:58]} exf3 {[%clk 0:22:00]} 35. Bd3
{[%clk 0:21:25]} Bxc5 {[%clk 0:20:56]} 36. Rxc5 {[%clk 0:20:40]} Ne4
{[%clk 0:20:51]} 37. Bxe4 {[%clk 0:21:07]} Qxe4+ {[%clk 0:21:15]} 38. Ka1
{[%clk 0:21:31]} Qh4 {[%clk 0:21:14]} 39. Be1 {[%clk 0:21:21]} Qh1
{[%clk 0:21:18]} 40. Qd1 {[%clk 0:21:16]} b4 {[%clk 0:20:05]} 41. Ka2
{[%clk 0:17:05]} bxa3 {[%clk 0:18:50]} 42. Kxa3 {[%clk 0:16:28]} a4
{[%clk 0:18:16]} 43. d5 {[%clk 0:16:44]} Qxh5 {[%clk 0:18:26]} 44. Bb4
{[%clk 0:16:51]} Rd7 {[%clk 0:16:54]} 45. d6 {[%clk 0:16:57]} Qg6
{[%clk 0:16:58]} 46. Rxc6 {[%clk 0:13:39]} Qe6 {[%clk 0:17:04]} 47. Qc2
{[%clk 0:12:59]} Rdd8 {[%clk 0:16:30]} 48. Qc4 {[%clk 0:12:53]} h5
{[%clk 0:16:15]} 49. e4 {[%clk 0:12:34]} Qxc4 {[%clk 0:16:05]} 50. Rxc4
{[%clk 0:12:58]} g5 {[%clk 0:14:48]} 51. e5 {[%clk 0:12:52]} Kg7 {[%clk 0:14:35]}
52. Bc3 {[%clk 0:12:32]} Kg6 {[%clk 0:14:53]} 53. Rc6 {[%clk 0:12:56]} Rd7
{[%clk 0:14:55]} 54. Bd4 {[%clk 0:11:21]} h4 {[%clk 0:14:33]} 55. Rc1
{[%clk 0:11:45]} Kf5 {[%clk 0:14:48]} 56. Rh1 {[%clk 0:11:20]} Rb7
{[%clk 0:15:03]} 57. Rg1 {[%clk 0:08:40]} Rb3+ {[%clk 0:15:19]} 58. Ka2
{[%clk 0:08:39]} Rd3 {[%clk 0:15:41]} 59. Bc5 {[%clk 0:08:18]} g4
{[%clk 0:14:53]} 60. Kb1 {[%clk 0:06:43]} Rc8 {[%clk 0:14:29]} 61. Bb6
{[%clk 0:06:41]} Rc4 {[%clk 0:13:57]} 62. Bc7 {[%clk 0:06:38]} g3
{[%clk 0:13:48]} 0-1

[Event "2016 Redpath Mining Millionaire Chess Open"]
[Site "Venue: Old Ed’s Sports Complex, Houghton, Johannesburg"]
[Date "2016.07.14"]
[Round "3"]
[Board "6"]
[White "Priyanshu, Srivastava"]
[Black "Van Rensburg, Ryan Pierre"]
[Result "0-1"]
[WhiteElo "1878"]
[BlackElo "2220"]
[PlyCount "0"]
[EventDate "2016.07.13"]
[EventRounds "9"]
[EventCountry "RSA"]

1. d4 {[%clk 1:30:56]} Nf6 {[%clk 1:30:56]} 2. c4 {[%clk 1:31:19]} Nc6
{[%clk 1:31:24]} 3. Nc3 {[%clk 1:31:32]} e5 {[%clk 1:31:51]} 4. d5
{[%clk 1:29:18]} Ne7 {[%clk 1:32:20]} 5. e4 {[%clk 1:29:06]} Ng6 {[%clk 1:32:41]}
6. Nf3 {[%clk 1:26:04]} Bb4 {[%clk 1:33:05]} 7. Bd3 {[%clk 1:24:27]} O-O
{[%clk 1:33:25]} 8. O-O {[%clk 1:20:37]} Bxc3 {[%clk 1:33:50]} 9. bxc3
{[%clk 1:21:00]} d6 {[%clk 1:34:13]} 10. h3 {[%clk 1:19:31]} Nh5 {[%clk 1:33:08]}
11. Bc2 {[%clk 1:14:28]} Nhf4 {[%clk 1:31:14]} 12. Be3 {[%clk 1:11:58]} b6
{[%clk 1:31:40]} 13. a4 {[%clk 1:11:49]} a5 {[%clk 1:31:46]} 14. Kh2
{[%clk 1:07:40]} Bd7 {[%clk 1:24:58]} 15. Rb1 {[%clk 1:04:03]} Qc8
{[%clk 0:55:55]} 16. Ng1 {[%clk 0:57:42]} Ne7 {[%clk 0:49:46]} 17. Qd2
{[%clk 0:52:15]} Neg6 {[%clk 0:45:57]} 18. Qd1 {[%clk 0:51:44]} h6
{[%clk 0:44:54]} 19. Rb2 {[%clk 0:48:15]} Ne7 {[%clk 0:43:16]} 20. Qd2
{[%clk 0:48:10]} g5 {[%clk 0:43:44]} 21. g4 {[%clk 0:47:50]} Neg6
{[%clk 0:43:21]} 22. f3 {[%clk 0:47:37]} Kg7 {[%clk 0:43:36]} 23. Bb3
{[%clk 0:46:25]} Rh8 {[%clk 0:43:34]} 24. Qd1 {[%clk 0:39:45]} h5
{[%clk 0:43:41]} 25. Kg3 {[%clk 0:39:32]} hxg4 {[%clk 0:43:57]} 26. fxg4
{[%clk 0:39:19]} Rh4 {[%clk 0:42:54]} 27. Rh2 {[%clk 0:38:38]} Qh8
{[%clk 0:42:57]} 28. Rff2 {[%clk 0:38:09]} Qh7 {[%clk 0:43:23]} 29. Qf1
{[%clk 0:38:21]} Rh8 {[%clk 0:43:45]} 30. Bd1 {[%clk 0:38:01]} Ne7
{[%clk 0:43:02]} 31. Bc1 {[%clk 0:30:22]} Ng8 {[%clk 0:42:26]} 32. Bxf4
{[%clk 0:24:12]} gxf4+ {[%clk 0:41:16]} 33. Kg2 {[%clk 0:24:01]} Bxg4
{[%clk 0:41:07]} 34. Bxg4 {[%clk 0:24:13]} Rxg4+ {[%clk 0:41:27]} 35. Kh1
{[%clk 0:24:10]} Qxe4+ {[%clk 0:41:20]} 36. Nf3 {[%clk 0:24:23]} Rg6
{[%clk 0:39:58]} 37. Rfg2 {[%clk 0:24:16]} Ne7 {[%clk 0:40:18]} 38. Qe2
{[%clk 0:24:03]} Qxe2 {[%clk 0:40:36]} 39. Rxe2 {[%clk 0:24:32]} Nf5
{[%clk 0:40:14]} 40. Reg2 {[%clk 0:24:43]} Ne3 {[%clk 0:40:04]} 41. Rxg6+
{[%clk 0:24:34]} Kxg6 {[%clk 0:39:33]} 42. Nd2 {[%clk 0:24:58]} Kf5
{[%clk 0:39:19]} 43. Kg1 {[%clk 0:25:10]} Rg8+ {[%clk 0:39:47]} 44. Kf2
{[%clk 0:25:21]} Nd1+ {[%clk 0:40:12]} 45. Ke1 {[%clk 0:25:10]} Rg1+
{[%clk 0:39:11]} 46. Ke2 {[%clk 0:25:31]} Nxc3+ {[%clk 0:39:36]} 47. Kd3
{[%clk 0:25:52]} Rg3+ {[%clk 0:39:46]} 48. Kc2 {[%clk 0:26:14]} Nxa4
{[%clk 0:39:38]} 49. h4 {[%clk 0:26:39]} Rg6 {[%clk 0:39:56]} 50. h5
{[%clk 0:27:02]} Rh6 {[%clk 0:40:24]} 51. Nf3 {[%clk 0:27:23]} Nc5
{[%clk 0:39:12]} 52. Rh1 {[%clk 0:27:24]} Ne4 {[%clk 0:39:28]} 53. Nd2
{[%clk 0:27:39]} Ng3 {[%clk 0:39:37]} 54. Rh2 {[%clk 0:27:57]} Rxh5 0-1